{"text_format":"3","workbook":"xlsx","n_sheets":2,"sheets":["Hauptblatt","KATEGORIE"],"not_rendered":{"charts":1,"defined_names":2,"pivot_tables":1},"read":"whole","date_system":"1900"}

{"sheet":"Hauptblatt","index":0,"n_rows":28,"n_cols":10,"rows_kept":28,"merged":[[0,1,3,13]]}
[null,"EINKAUFSLISTE AKTUALISIEREN"]
[]
[]
[]
[]
[null,"Etiquetas de columna"]
[null,"ERWERBEN","LIEFERUNG NACH HAUSE","LOKALER MARKT","ANDERE","GEMÜSE","Allgemein insgesamt"]
["Sum of  TOTAL ",11.395,127.84,21.52,23.870000000000005,85.88000000000001,270.50500000000005]
[]
[null,"FERTIG?","ARTIKEL","ABSPEICHERN","KATEGORIE","QTY.","STÜCKPREIS PRO STÜCK","EINHEIT","GESAMT","NOTIZEN"]
[null,"Ja","Pfirsiche","Coho Weinberg","GEMÜSE",2,"kg",2.99,{"$f":"+H11*F11","v":5.98}]
[null,"Ja","Äpfel","Coho Weinberg","LOKALER MARKT",3,"kg",1.99,{"$f":"+H12*F12","v":5.97},"Ich habe einen Gutschein"]
[null,"Ja","Bananen","Große Weltimporteure","LOKALER MARKT",1,"Traube",3.99,3.99]
[null,"Nein","Salat","Markt","LOKALER MARKT",2,"Kopf",2.29,4.58]
[null,"Nein","Tomaten","Markt","LIEFERUNG NACH HAUSE",4,"kg",3.49,13.96]
[null,"Ja","Kürbis","Markt","LOKALER MARKT",2,"Einheit",1.5,3]
[null,"Nein","Sellerie","Große Weltimporteure","LOKALER MARKT",2,"Traube",1.99,3.98]
[null,"Ja","Gurke","Markt","ERWERBEN",1,"kg",2.29,2.29]
[null,"Ja","Champignons","Große Weltimporteure","ERWERBEN",0.5,"kg",2.25,1.125]
[null,"Nein","Milch","Lokaler Produzent","ERWERBEN",2,"Liter",3.99,7.98]
[null,"Ja","Käse","Lokaler Produzent","ANDERE",1,"kg",9.99,9.99,"Verschiedene Käsesorten"]
[null,"Ja","Eier","Lokaler Produzent","ANDERE",2,"Dutzend",3.5,7]
[null,"Ja","Hüttenkäse","Lokaler Produzent","ANDERE",1,"1/2 kg",3.89,3.89]
[null,"Nein","Saure Sahne","Lokaler Produzent","ANDERE",1,"1/4 kg",2.99,2.99]
[null,"Ja","Joghurt","Große Weltimporteure","LIEFERUNG NACH HAUSE",1,"1/2 kg",4.99,4.99,"Griechisch mit Honig"]
[null,"Ja","Kalbfleisch","Bauernmarkt","GEMÜSE",10,"kg",7.99,79.9,"Steaks mit Pancetta"]
[null,"Nein","Lachs","Lonja de pescado","LIEFERUNG NACH HAUSE",6,"kg",8.99,53.94]
[null,"Ja","Krebs","Lonja de pescado","LIEFERUNG NACH HAUSE",5,"kg",10.99,54.95]

{"sheet":"KATEGORIE","index":1,"n_rows":6,"n_cols":1,"rows_kept":6}
["KATEGORIE"]
["GEMÜSE"]
["ERWERBEN"]
["LIEFERUNG NACH HAUSE"]
["LOKALER MARKT"]
["ANDERE"]